000 00371nam a2200157Ia 4500
008 210716s2011 xx 000 0 und d
020 _a9780749462857
041 _aeng
082 _a658.3 WELP
100 _aWellington, Pat.
245 _aEffective people management.
250 _a1
260 _aNew Delhi
_bKogan Page
_c2011
300 _axii,236
650 _aHRM
999 _c207743
_d207743